| 000 | 00689nam a2200229 a 4500 | ||
|---|---|---|---|
| 005 | 20140412111243.0 | ||
| 008 | 010808s19uu xx 00 eng d | ||
| 020 | _a0-590-46192-3 | ||
| 050 |
_aER _bWh55 1993 |
||
| 100 | _aChristensen, Nancy | ||
| 245 |
_aWho Am I? / _cby Nancy Christensen; illustrated by Rowan Barnes-Murphy. |
||
| 260 |
_aNew York : _bScholastic Inc, _c1993. |
||
| 300 | _a1v. (unp.) ; ill. | ||
| 520 | _aRhyming text provides clues about the nature of the animal who is speaking. | ||
| 650 | _aAnimals-Fiction | ||
| 650 | _aLiteracy recreations | ||
| 650 | _aStories in rhyme | ||
| 999 |
_c102828 _d102828 |
||